00900nam a2200193 a 450000100100000000500170001000800410002704000250006808200170009311101910011024500360030126000840033730000350042150000430045671000600049904900090055995201210056899900170068900002328420200930022119.0101201s1994 ec ad r 000 0 spa d aDO-SdBNPbspacBNPHU axxxxxbS471p1 aSeminario internacional organizado por la Corporación de Estudios para el Desarrollo (CORDES) y el Fondo de inversión Social de Emergencia FISE,cQuito,d10-12 de octubre 199494795010aPolíticas sociales y pobreza. aQuito, Ecuador :bCorporación de Estudios para el Desarrollo (CORDES),c1994. a226 p. :bil., diag. ;c21 cm. aIncluye notas al pie de las páginas.1 aFondo de inversión Social de Emergencia (FISE)947951 aBNGR 001054708MOaGRbGRcCTd2010-12-01iLF1l0oxxxxx S471pp23284-10r2020-06-25w2020-06-25y4ZPréstamo en sala c22781d22781